| 000 | 00529nam a2200193Ia 4500 | ||
|---|---|---|---|
| 003 | OSt | ||
| 005 | 20220510094035.0 | ||
| 008 | 151015s9999 xx 000 0 und d | ||
| 020 | _a721696929 | ||
| 040 |
_aMMU _beng _cMMU _dMMU |
||
| 050 | _aRT 82 .N874 2002 | ||
| 100 | _aZerwekh,JoAnn | ||
| 245 |
_aNursing today Transition and trends/ _cJoAnn Zerwekh. |
||
| 260 |
_aMissouri: _bElsevier science, _c2002. |
||
| 300 | _axvi, 619 p. : | ||
| 500 | _aIncludes index. | ||
| 650 | _a_Nursing | ||
| 942 |
_2lcc _cLOAN LOAN _e4th ed. |
||
| 999 |
_c4063 _d4063 |
||